[Event "9th LGA Premium Cup"]
[Site "Nuernberg GER"]
[Date "2012.09.08"]
[Round "5.16"]
[White "Hirschberg,V"]
[Black "Svane,R"]
[Result "0-1"]
[WhiteElo "2292"]
[BlackElo "2397"]

1.Nf3 d5 2.g3 Nf6 3.Bg2 e6 4.O-O Be7 5.d4 O-O 6.c4 dxc4 7.Qc2 b5 8.a4 b4
9.Ne5 Qxd4 10.Bxa8 Qxe5 11.Bf3 Ba6 12.Bf4 Qa5 13.Nd2 b3 14.Qc1 Qb4 15.Nb1 Nd5
16.Bd2 Qc5 17.Rd1 Nd7 18.Nc3 N7f6 19.Be3 Nxe3 20.Qxe3 Qxe3 21.fxe3 Bc5 22.Kf2 Rc8
23.Ne4 Be7 24.Rac1 Nd5 25.Nd2 Bg5 26.Nxc4 Bxc4 27.Rxc4 Nxe3 28.Rdc1 Nxc4
29.Rxc4 c5 30.e3 Bf6 31.Bd1 Bxb2 32.Bxb3 Ba3 33.Rc2 Rb8 34.Bc4 a5 35.Bb5 Rd8
36.Rc3 Bb4 37.Rd3 Rxd3 38.Bxd3 g6 39.Bc4 Kg7 40.Kf3 Kf6 41.Ke4 Be1 42.Kf3 Ke5
43.Bb3 Bb4 44.Bc4 Ba3 45.Bb3 Bc1 46.Ba2 h5 47.Bb3 g5 48.Bc4 Bb2 49.Bb3 Ba1
50.Bc4 Bc3 51.Bb3 Bb2 52.Bc4 g4+ 53.Ke2 Kf5 54.Bd3+ Kg5 55.Kf2 Bc3 56.Bb5 h4
57.Be8 hxg3+ 58.hxg3 f5 59.Bb5 e5 60.Bc4 f4 61.e4 fxg3+  0-1

[Event "9th LGA Premium Cup"]
[Site "Nuernberg GER"]
[Date "2012.09.08"]
[Round "5.13"]
[White "Zaragatski,I"]
[Black "Appel,H"]
[Result "0-1"]
[WhiteElo "2471"]
[BlackElo "2212"]

1.Nf3 d5 2.g3 Nd7 3.d4 e6 4.Bg2 Bd6 5.O-O c6 6.c4 f5 7.Qc2 Ne7 8.Nbd2 O-O
9.Ne1 Ng6 10.Nd3 Kh8 11.Nf3 h6 12.b4 Qe7 13.a4 dxc4 14.Qxc4 e5 15.dxe5 Ndxe5
16.Ndxe5 Nxe5 17.Nxe5 Bxe5 18.Rb1 Be6 19.Qc5 Bd6 20.Qc3 Ba2 21.Rb2 Qe6 22.Be3 Be5
23.Bd4 Bxd4 24.Qxd4 Rfd8 25.Qc3 Bd5 26.Rd2 Bxg2 27.Kxg2 Rxd2 28.Qxd2 Re8
29.e3 c5 30.bxc5 Qc6+ 31.Kg1 Qxa4 32.Qd5 Qe4 33.Rd1 Kh7 34.Qxe4 Rxe4 35.Rd7 Rb4
36.c6 bxc6 37.Rxa7 Kg6 38.Rc7 Rc4 39.Kg2 Kf6 40.h4 g5 41.Rh7 Kg6 42.Rd7 gxh4
43.Rd6+ Kh5 44.gxh4 Rg4+ 45.Kf3 Rg6 46.Rd1 c5 47.Kf4 Rg8 48.Rd5 Rc8 49.Rxf5+ Kxh4
50.e4 c4 51.Rd5 c3 52.Rd1 Kh3 53.e5 Kg2 54.Ke3 h5 55.e6 Rc6 56.Kd3 Rxe6 57.Kxc3 Rc6+
58.Kb3 h4 59.f4 h3 60.Rd8 Rh6 61.Kc3 h2 62.Rd1 Rc6+ 63.Kb3 h1=Q 64.Rxh1 Kxh1  0-1

[Event "40th Olympiad Open"]
[Site "Istanbul TUR"]
[Date "2012.09.09"]
[Round "11.23"]
[White "Morovic Fernandez,I"]
[Black "Amanov,M"]
[Result "1/2-1/2"]
[WhiteElo "2575"]
[BlackElo "2516"]

1.Nf3 d5 2.g3 c6 3.Bg2 Bg4 4.d3 Nd7 5.Nbd2 Ngf6 6.O-O e5 7.h3 Bxf3 8.Bxf3 Bc5
9.e4 O-O 10.a4 Re8 11.Bg2 dxe4 12.dxe4 a5 13.Qe2 Qc7 14.Nb3 Bb6 15.Qc4 Nf8
16.Bd2 Ne6 17.c3 Rad8 18.Rad1 Qb8 19.Bf3 Qa7 20.Kg2 Rd7 21.Bc1 Red8 22.Rxd7 Rxd7
23.Qe2 h6 24.h4 Qb8 25.Rd1 Qd8 26.Rxd7 Qxd7 27.Qc2 Qd8 28.Bd2 Nd7 29.Be2 Ndc5
30.Nxc5 Nxc5 31.Be1 Qf6 32.Bc4 Qg6 33.f3 Qd6 34.b3 Ne6 35.Qd2  1/2-1/2

[Event "40th Olympiad Open"]
[Site "Istanbul TUR"]
[Date "2012.09.09"]
[Round "11.14"]
[White "Markus,Rob"]
[Black "Salgado Lopez,I"]
[Result "1/2-1/2"]
[WhiteElo "2599"]
[BlackElo "2638"]

1.Nf3 d5 2.g3 c6 3.Bg2 Bg4 4.O-O Nd7 5.d3 Ngf6 6.Qe1 e5 7.h3 Bxf3 8.Bxf3 Bc5
9.e4 dxe4 10.dxe4 O-O 11.Nd2 Qe7 12.a4 a5 13.Qe2 Rfd8 14.Kg2 h6 15.Nc4 Nb6
16.Ne3 Qe6 17.b3 Nc8 18.Ng4 Nxg4 19.hxg4 g5 20.Bd2 Ne7 21.Rfd1 Kg7 22.Be1 Bd4
23.Rab1 Ng8 24.Rd3 Nf6 25.Bd2 Bb6 26.Rxd8 Rxd8 27.Rd1 h5 28.Bxg5 Rxd1 29.Bxf6+ Qxf6
30.Qxd1 hxg4 31.Bxg4 Qxf2+ 32.Kh3 Qg1  1/2-1/2

[Event "40th Olympiad Open"]
[Site "Istanbul TUR"]
[Date "2012.09.09"]
[Round "11.33"]
[White "Oussedik,Mahfoud"]
[Black "Cubas,Jo"]
[Result "1/2-1/2"]
[WhiteElo "2242"]
[BlackElo "2507"]

1.Nf3 d5 2.g3 Nf6 3.Bg2 c6 4.c4 dxc4 5.a4 a5 6.Na3 Qd5 7.O-O e5 8.b3 cxb3
9.d3 Bg4 10.Ng5 Qd7 11.Nc4 Qc7 12.Qxb3 h6 13.Nf3 Nbd7 14.d4 Be6 15.dxe5 Ng4
16.Nd6+ Qxd6 17.Qxb7 Rb8 18.exd6 Rxb7 19.Ba3 g6 20.Nd4 Bg7 21.Nxe6 fxe6 22.Rab1 Rxb1
23.Rxb1 Nge5 24.Rb7 O-O 25.Bh3 Re8 26.f4 Nc4 27.Rxd7 Nxa3 28.Rc7 c5 29.e4 Bd4+
30.Kh1 Kf8 31.e5 Nc4 32.Bxe6 Nxd6 33.exd6 Rxe6 34.Rc8+ Kf7 35.d7 Bf6 36.d8=Q Bxd8
37.Rxd8 Rc6 38.Rd1 c4 39.Kg2 Ke6 40.Kf3 h5 41.Ke4 c3 42.Rc1 c2 43.Kd3 Kf5
44.Rxc2 Rxc2 45.Kxc2 Kg4 46.Kd3 Kf3 47.Kd4 Kg2 48.Ke3 Kh3 49.Kf3 Kxh2 50.Kf2 Kh3
51.Kf3 Kh2 52.Kf2 Kh3 53.Kf3  1/2-1/2

[Event "3rd Oliver Gonzalez Mem Open A"]
[Site "Madrid ESP"]
[Date "2012.09.09"]
[Round "9.4"]
[White "Anton Guijarro,D"]
[Black "Larino Nieto,D"]
[Result "1/2-1/2"]
[WhiteElo "2546"]
[BlackElo "2487"]

1.Nf3 d5 2.g3 c5 3.Bg2 Nc6 4.O-O Nf6 5.d3 e5 6.Nbd2 Be7 7.e4 O-O 8.c3 Qc7
9.exd5 Nxd5 10.Nc4 Rd8 11.Qe2 f6 12.a4 Bf8 13.a5 Be6 14.Nh4 Qd7 15.Ne3 a6
16.Nc4 Qf7 17.Be4 g6 18.Bg2 Re8 19.Re1 Rad8 20.Nf3 Bf5 21.Ncd2 Qc7 22.Nh4 Be6
23.Ne4 Be7 24.Bh6 Nxa5 25.f4 Nc6 26.f5 gxf5 27.Bh3 Qd7 28.Rf1 fxe4 29.Nf5 Bf8
30.dxe4 Nc7 31.Bxf8 Rxf8 32.Rad1 Qe8 33.Rxd8 Nxd8 34.Rd1 Bxf5 35.Bxf5 Rf7
36.Qh5 Nde6 37.Rd6 Nf8 38.Qd1 Qe7 39.Rd8 Ne6 40.Qg4+ Ng7 41.Ra8 Qd6 42.h4 h5
43.Qg6 Qd1+ 44.Kh2 Qe2+ 45.Kg1 Qe1+ 46.Kg2  1/2-1/2

[Event "9th LGA Premium Cup"]
[Site "Nuernberg GER"]
[Date "2012.09.09"]
[Round "6.21"]
[White "Zaragatski,I"]
[Black "Klek,H"]
[Result "1/2-1/2"]
[WhiteElo "2471"]
[BlackElo "2214"]

1.Nf3 d5 2.g3 Nf6 3.Bg2 e6 4.O-O Be7 5.b3 O-O 6.c4 c5 7.Bb2 Nc6 8.e3 d4 9.exd4 cxd4
10.Re1 Ne8 11.d3 Nc7 12.Na3 f6 13.Nc2 e5 14.a3 a5 15.Qd2 Na6 16.b4 axb4 17.axb4 Ncxb4
18.Nfxd4 Nxc2 19.Nxc2 Rb8 20.Bc3 Nc5 21.Bd5+ Kh8 22.Qe2 Bd6 23.Rad1 Bd7 24.Qh5 Be8
25.Qf3 Bg6 26.h4 Qc8 27.h5 Bf5 28.Qe2 Bg4 29.Bf3 Bxf3 30.Qxf3 Ne6 31.h6 Ng5
32.hxg7+ Kxg7 33.Qh1 Qc6 34.Qxc6 bxc6 35.Kg2 Rb3 36.Ba1 Ra8 37.d4 Nf7 38.Ne3 Kg6
39.c5 Bc7 40.d5 cxd5 41.Nxd5 Ba5 42.Ne7+ Kg7 43.Rh1 Bb4 44.Nf5+ Kg6 45.Ne7+ Kg7
46.Rc1 Re8 47.Nf5+ Kg6 48.Ne3 Bd2 49.Rb1 Rxb1 50.Rxb1 Bxe3 51.fxe3 Rc8 52.Rb5 Ng5
53.Bc3 Ne6 54.Bb4 Kf5 55.Kf3 Ng5+ 56.Ke2 Ne4 57.Kf3 h5 58.Rb7 Nxc5 59.Bxc5 e4+
60.Kg2 Rxc5 61.Rh7 Rc2+ 62.Kh3 Re2 63.Rxh5+ Ke6 64.Kg4 Rxe3 65.Kf4 Rf3+  1/2-1/2

[Event "9th LGA Premium Cup"]
[Site "Nuernberg GER"]
[Date "2012.09.09"]
[Round "6.68"]
[White "Fiedler,W1"]
[Black "Mann,Johannes"]
[Result "0-1"]
[WhiteElo "2016"]
[BlackElo "1869"]

1.Nf3 d5 2.g3 Nc6 3.Bg2 e5 4.d3 Nf6 5.O-O Bd6 6.Nbd2 O-O 7.e4 Be6 8.h3 d4
9.Kh2 Nd7 10.Nc4 Be7 11.Ng1 b5 12.Nd2 Na5 13.Nb3 Nb7 14.f4 f6 15.a4 a6 16.f5 Bf7
17.Nd2 c5 18.axb5 axb5 19.Rxa8 Qxa8 20.b3 Qa2 21.Ndf3 Ra8 22.Ne2 Qb1 23.Nd2 Qa1
24.g4 Ra2 25.Ng1 Na5 26.Ngf3 Nc6 27.Kg3 Nb4 28.Ne1 Nb6 29.Bf3 c4 30.bxc4 bxc4
31.Be2 Na4 32.Nxc4 Bxc4 33.dxc4 Nc3  0-1

[Event "9th LGA Premium Cup"]
[Site "Nuernberg GER"]
[Date "2012.09.09"]
[Round "7.15"]
[White "Hirschberg,V"]
[Black "Burg,T"]
[Result "0-1"]
[WhiteElo "2292"]
[BlackElo "2485"]

1.Nf3 d5 2.g3 Bg4 3.Ne5 Bf5 4.d4 Nd7 5.Bg2 c6 6.Nd2 e6 7.e4 dxe4 8.Nxe4 Bxe4
9.Bxe4 Nxe5 10.dxe5 Qa5+ 11.c3 Qxe5 12.Qe2 Qc7 13.Be3 Nf6 14.Bg2 Bd6 15.Rd1 O-O
16.O-O Nd5 17.Bc1 Rad8 18.c4 Ne7 19.a3 a5 20.Bg5 h6 21.Bc1 Be5 22.Be4 Rxd1
23.Rxd1 Rd8 24.Bc2 Rxd1+ 25.Qxd1 Qd6 26.Qxd6 Bxd6 27.Bd2 b6 28.Be3 c5 29.Kg2 f5
30.f4 Kf7 31.a4 Kf6 32.Kf3 g5 33.Bd2 Ng6 34.Bc3+ Kf7 35.Bd2 g4+ 36.Kf2 h5
37.Bc3 h4 38.Ke3 h3 39.b3 Bxf4+ 40.gxf4 g3 41.Bd1 Nh4  0-1

[Event "US Chess League 2012"]
[Site "ICC INT"]
[Date "2012.09.12"]
[Round "2"]
[White "Simpson,R"]
[Black "Harris,I"]
[Result "0-1"]
[WhiteElo "2267"]
[BlackElo "2099"]

1.Nf3 d5 2.g3 Nf6 3.Bg2 e6 4.O-O Be7 5.c4 O-O 6.d4 dxc4 7.Qc2 a6 8.a4 Bd7
9.Ne5 Bc6 10.Nxc6 Nxc6 11.Rd1 Nxd4 12.Qd2 Nb3 13.Qe1 Bb4 14.Nc3 Qe7 15.Rb1 Nxc1
16.Rdxc1 c6 17.Qd1 Rac8 18.Qd4 b5 19.Qb6 Bc5 20.Qxa6 Bxf2+ 21.Kxf2 Qc5+ 22.Ke1 Ng4
23.Nd1 Qg1+ 24.Bf1 Nxh2 25.Kd2 Nxf1+ 26.Kc2 Qd4 27.Qa5 Qe4+ 28.Kc3 Qxe2 29.Kb4 Qd2+
30.Nc3 Qd6+  0-1

[Event "Skovbo GM Open 2012"]
[Site "Borup DEN"]
[Date "2012.09.14"]
[Round "1.4"]
[White "Vijayalakshmi,S"]
[Black "Kunin,V"]
[Result "1/2-1/2"]
[WhiteElo "2387"]
[BlackElo "2511"]

1.Nf3 d5 2.g3 Nf6 3.Bg2 c6 4.O-O Bg4 5.d4 Nbd7 6.Nbd2 e6 7.b3 Be7 8.Bb2 O-O
9.c4 a5 10.h3 Bh5 11.g4 Bg6 12.Nh4 a4 13.Nxg6 hxg6 14.Qc2 g5 15.Bc3 Qc7 16.c5 axb3
17.axb3 e5 18.e3 Rfe8 19.b4 exd4 20.Bxd4 Nf8 21.Qb2 Ne6 22.Be5 Qd7 23.Rfd1 Red8
24.Nc4 Rxa1 25.Qxa1 Nf8 26.Nd6 Bxd6 27.Bxd6 Ng6 28.Bg3 Re8 29.Qd4 Qc8 30.b5 Ne4
31.Bh2 Nh4 32.b6 Nxg2 33.Kxg2 f5 34.f3 Nf6 35.Be5 Qe6 36.Bxf6 gxf6 37.Kf2 Kg7
38.Rg1 fxg4 39.Rxg4 Qf5 40.h4 Kf7 41.hxg5 fxg5 42.Kg3 Ra8 43.f4 Ra2 44.Qh8 Rg2+
45.Kxg2 Qxg4+ 46.Kf2 gxf4 47.Qh7+ Ke6 48.Qh6+ Ke5 49.Qh8+ Ke4 50.Qh7+ Qf5
51.Qh1+ f3 52.Qb1+ Ke5 53.Qb2+ Ke6 54.Qg7 Qf7 55.Qg4+ Ke7 56.Qc8 Kf6 57.Qc7 Kg6
58.Qg3+ Kh6 59.Qd6+ Kh5 60.Qh2+ Kg6 61.Qg3+ Kh5 62.Qh2+ Kg6  1/2-1/2

[Event "Skovbo GM Open 2012"]
[Site "Borup DEN"]
[Date "2012.09.15"]
[Round "2.1"]
[White "Zubarev,Al1"]
[Black "Sriram,J"]
[Result "1/2-1/2"]
[WhiteElo "2590"]
[BlackElo "2422"]

1.Nf3 d5 2.g3 c6 3.Bg2 Bg4 4.O-O Nd7 5.d4 e6 6.Nbd2 Ngf6 7.Re1 Be7 8.e4 O-O
9.c3 Bh5 10.e5 Ne8 11.Nb3 a5 12.Be3 a4 13.Nc1 c5 14.Nd3 cxd4 15.Bxd4 Nc7
16.Rc1 Nb5 17.Be3 Nb6 18.Bxb6 Qxb6 19.a3 Bg5 20.Rc2 Rac8 21.Rce2 Bxf3 22.Bxf3 d4
23.c4 Rxc4 24.Rc2 Rfc8 25.Ree2 g6 26.Rxc4 Rxc4 27.Rc2 Qc7 28.Rxc4 Qxc4 29.Bxb7 Nc7
30.Qf3 h5 31.h4 Bh6 32.Kg2 Bg7 33.Qe4 Bh6 34.Bc6 Qc2 35.Qf3 Bg7 36.Kh3 Qc4
37.Qe4 Qc2 38.f4 Qc4 39.Qf3 Qc2 40.Be4 Qc4 41.Qd1 Nd5 42.Qc1 Qb3 43.Nc5 Qb5
44.Nd3 Bf8 45.Kg2 Qb3 46.Kf2 Ne3 47.Ke2 Kg7 48.Kf2 Qa2 49.Kg1 Qb3 50.Kf2 Be7
51.Kg1 Qa2 52.Kh1 Qb3 53.Kh2 Ng4+ 54.Kg1 Ne3 55.Kh2 Ng4+ 56.Kg1 Ne3  1/2-1/2

[Event "TCh-HUN 2012-13"]
[Site "Dunaharaszti HUN"]
[Date "2012.09.16"]
[Round "1"]
[White "Berczes,C"]
[Black "Papp,T1"]
[Result "0-1"]
[WhiteElo "2388"]
[BlackElo "2297"]

1.Nf3 d5 2.g3 Nf6 3.Bg2 c6 4.O-O Bg4 5.c4 e6 6.d3 Nbd7 7.cxd5 exd5 8.Nc3 Bc5
9.Qb3 b5 10.e4 dxe4 11.dxe4 O-O 12.Qc2 Re8 13.h3 Bxf3 14.Bxf3 Ne5 15.Be2 Bb6
16.a3 Qe7 17.Kh1 Ng6 18.Bf3 Rad8 19.Bg2 Bd4 20.Bg5 Qc5 21.Bxf6 Bxf6 22.Rac1 Qb6
23.f4 Bd4 24.e5 c5 25.Ne4 c4 26.b3 cxb3 27.Qxb3 Ne7 28.Nd6 Rf8 29.Rcd1 Bc5
30.Ne4 Nf5 31.Rxd8 Rxd8 32.Rc1 Be7 33.Kh2 Ne3 34.Bf3 Nc4 35.Rc2 Nxa3 36.Re2 Nc4
37.Nc3 Nd2 38.Qxb5 Nxf3+ 39.Kg2 Qxb5 40.Nxb5 Nd4 41.Nxd4 Rxd4 42.Rc2 Kf8
43.Rc7 a5 44.Ra7 Bd8 45.Kf3 g6 46.g4 a4 47.f5 g5 48.Ra8 Ke8 49.Ke3 Rd5 50.Rxa4 Rxe5+
51.Kf3 Ke7 52.Ra6 Kf8 53.Ra8 Re8 54.Ra6 Kg7 55.Ra8 Rf8 56.Ra6 Bf6 57.Ra5 Rc8
58.Kg2 Rc2+ 59.Kg3 Bd8 60.Ra3 Bf6 61.Ra5 Rc3+ 62.Kg2 Re3 63.Rd5 Be5 64.Kf2 Bf4
65.h4 h6 66.hxg5 hxg5 67.Rd1 Rg3  0-1

[Event "TCh-SRB Prem 2012"]
[Site "Valjevo SRB"]
[Date "2012.09.17"]
[Round "1.4"]
[White "Arsovic,Z"]
[Black "Jovanovic,Boj2"]
[Result "1-0"]
[WhiteElo "2434"]
[BlackElo "2205"]

1.Nf3 d5 2.g3 Nf6 3.Bg2 c6 4.c4 Nbd7 5.O-O g6 6.cxd5 cxd5 7.d4 Bg7 8.Nc3 O-O
9.Bf4 a6 10.Qb3 e6 11.Rfc1 Nb6 12.Ne5 Nfd7 13.e4 Nxe5 14.Bxe5 f6 15.Bf4 g5
16.Be3 dxe4 17.Nxe4 Kh8 18.Rxc8 Nxc8 19.Nc5 Rf7 20.Nxb7 Qe8 21.Nd8 Qxd8 22.Bxa8 Nd6
23.Bg2 f5 24.Qxe6 f4 25.Bd2 fxg3 26.hxg3 Bxd4 27.Be3 Bxb2 28.Rd1 Rf6 29.Qb3 Be5
30.Bxg5 Qe7 31.Bxf6+ Qxf6 32.Qd5 Nf7 33.Qc6 Nd6 34.Qxa6 Bd4 35.Qa8+ Kg7 36.Qf3  1-0

[Event "Caissa GM Sept 2012"]
[Site "Kecskemet HUN"]
[Date "2012.09.18"]
[Round "5.2"]
[White "Groszpeter,A"]
[Black "Fodor,T jr"]
[Result "0-1"]
[WhiteElo "2481"]
[BlackElo "2487"]

1.Nf3 d5 2.g3 c6 3.Bg2 Bg4 4.O-O Nd7 5.d4 e6 6.c4 Ngf6 7.Qb3 Qb6 8.Nc3 Be7
9.c5 Qxb3 10.axb3 Bxf3 11.exf3 e5 12.b4 exd4 13.Ne2 d3 14.Nd4 O-O 15.Re1 Rfe8
16.Bf1 a5 17.Bd2 Bd8 18.Rxe8+ Nxe8 19.Bxd3 Bf6 20.Be3 g6 21.Nb3 a4 22.Na5 Bxb2
23.Rxa4 Bc3 24.Bc2 d4 25.Bxd4 Bxd4 26.Nxb7 Rxa4 27.Bxa4 Nb8 28.Nd8 Nc7 29.Bb3 Kf8
30.Nxf7 Bc3 31.f4 Bxb4 32.Ne5 Bc3 33.Nd3 Bd4 34.Kg2 Nca6 35.h4 Nxc5 36.Nxc5 Bxc5
37.f5 Bd4 38.fxg6 hxg6 39.f4 c5 40.Bc2 Kg7 41.f5 gxf5 42.Bxf5 Nc6 43.g4 c4
44.Kf3 c3 45.g5 Nb4 46.Ke2 Be5 47.Kd1 Bg3 48.h5 Bf4 49.g6 Be5 50.Be4 Kh6
51.Kc1 Kxh5 52.Kd1 Kh6 53.Kc1 Na6  0-1

[Event "TCh-SRB Prem 2012"]
[Site "Valjevo SRB"]
[Date "2012.09.18"]
[Round "2.2"]
[White "Novoselski,Z"]
[Black "Pikula,D"]
[Result "0-1"]
[WhiteElo "2371"]
[BlackElo "2489"]

1.Nf3 d5 2.g3 Nf6 3.Bg2 c6 4.O-O Bg4 5.d3 Nbd7 6.Nbd2 e5 7.e4 Bd6 8.Qe1 O-O
9.h3 Bh5 10.Nh4 dxe4 11.dxe4 Re8 12.Nf5 Bb4 13.g4 Bg6 14.Qe2 Qc7 15.Rd1 Rad8
16.Nf1 Nf8 17.Be3 b6 18.Qc4 Bd6 19.Bg5 Ne6 20.Bxf6 gxf6 21.Nxd6 Rxd6 22.Ne3 Red8
23.Rxd6 Rxd6 24.Rd1 Rxd1+ 25.Nxd1 Qd6 26.Qd3 Qb4 27.Qe3 Nf4 28.f3 Qa4 29.Qd2 Qxa2
30.Bf1 Kg7 31.Qd6 h6 32.Kf2 Qb1 33.Qd2 b5 34.Ke1 Ne6 35.Bd3 Qa1 36.c3 a5
37.Bf1 b4 38.Bc4 Ng5 39.Qg2 bxc3 40.bxc3 Qa4 41.Ne3 Qa3 42.Kd2 Qd6+ 43.Ke2 Qc5
44.Kd3 a4 45.h4 Ne6 46.Bxe6 fxe6 47.Qa2 Qb5+ 48.Kd2 Bf7 49.h5 Kf8 50.Nc4 c5
51.Nb2 Be8 52.Qa3 Kf7 53.Nd3 c4 54.Ne1 Qb6 55.Kd1 Bd7 56.Qc1 Qb3+ 57.Nc2 Qxc3
58.Qxh6 Qxf3+ 59.Kc1  0-1

[Event "DYTM KL Open 2012"]
[Site "Kuala Lumpur MAS"]
[Date "2012.09.19"]
[Round "3.16"]
[White "Ngo Thi Kim Tuyen"]
[Black "Olay,E"]
[Result "1-0"]
[WhiteElo "2054"]
[BlackElo "2359"]

1.Nf3 d5 2.g3 c6 3.Bg2 e6 4.b3 f5 5.Bb2 Nf6 6.d3 Be7 7.O-O O-O 8.Nbd2 a5
9.a4 Na6 10.Rc1 b5 11.c4 bxa4 12.bxa4 Rb8 13.Be5 Bd6 14.cxd5 cxd5 15.e4 Bxe5
16.Nxe5 Nb4 17.exf5 exf5 18.Ndf3 Qd6 19.Re1 Re8 20.d4 Ba6 21.Ng5 Re7 22.Re3 h6
23.Ngf3 Ne4 24.Nh4 Qf6 25.Qh5 f4 26.gxf4 Nc2 27.Neg6 Rd7 28.Ne5 Rdb7 29.Rxe4 dxe4
30.Bxe4 Rb1 31.Bd5+ Kh7 32.Rxb1 Rxb1+ 33.Kg2 Bb7 34.Bxb7 Rxb7 35.Qf3 Rb8
36.Qe4+ Kg8 37.Nhg6 Rc8 38.Qb7 Rd8 39.Qb3+ Kh7 40.Qxc2 Kg8 41.Qc4+ Kh7 42.d5 Rd6
43.Qc2 Kg8 44.Qc8+ Rd8 45.Qe6+ Kh7 46.h4 Rd6 47.Qc8 Rd8 48.Qc2 Kg8 49.h5 Qd6
50.Qf5 Qxd5+ 51.Kh2 Qc5 52.Kg3 Rd2 53.Qf7+ Kh7 54.Nf8+  1-0

[Event "TCh-SRB Prem 2012"]
[Site "Valjevo SRB"]
[Date "2012.09.19"]
[Round "3.1"]
[White "Rogac,S"]
[Black "Sredojevic,I"]
[Result "1/2-1/2"]
[WhiteElo "2313"]
[BlackElo "2407"]

1.Nf3 d5 2.g3 c6 3.Bg2 g6 4.O-O Bg7 5.d3 Nf6 6.Nbd2 O-O 7.e4 dxe4 8.dxe4 Bg4
9.h3 Bxf3 10.Qxf3 e5 11.Nc4 Qe7 12.a4 Nbd7 13.b3 b5 14.Ba3 b4  1/2-1/2

[Event "DYTM KL Open 2012"]
[Site "Kuala Lumpur MAS"]
[Date "2012.09.20"]
[Round "5.11"]
[White "Bernardino J.,A"]
[Black "Kuderinov,K"]
[Result "0-1"]
[WhiteElo "2158"]
[BlackElo "2484"]

1.Nf3 d5 2.g3 Nf6 3.Bg2 g6 4.b3 Bg7 5.Bb2 O-O 6.O-O c5 7.c4 d4 8.b4 Qb6 9.a3 Nc6
10.b5 Na5 11.d3 Re8 12.Nbd2 e5 13.Qc2 Qc7 14.a4 Bf5 15.Ne4 Nxe4 16.dxe4 Be6
17.Bc1 Nxc4 18.Ng5 Nd6 19.Nxe6 Rxe6 20.e3 c4 21.Ba3 c3 22.Bxd6 Rxd6 23.exd4 exd4
24.Qd3 Rc8 25.Rfc1 Qc4 26.Bf1 Qxd3 27.Bxd3 Bh6 28.Rc2 Bd2 29.Rd1 Rcd8 30.h4 Kf8
31.Kf1 Ke7 32.Ke2 h6 33.h5 g5 34.g4 Kf6 35.f3 Ke5 36.Rg1 Be3 37.Rd1 Kf4 38.Bc4 R8d7
39.Rd3 Bd2 40.Bd5 Ke5 41.Kf1 Rxd5 42.exd5 Kxd5 43.Rcxd2 cxd2 44.Rxd2 Kc4
45.Rc2+ Kd3 46.Rc5 Ke3 47.Rf5 d3 48.Ke1 d2+ 49.Kd1 Rc7 50.Re5+ Kxf3 51.Kxd2 Kxg4
52.a5 Kxh5 53.b6 axb6 54.axb6 Rc6 55.Rb5 Kh4 56.Ke3  0-1

[Event "TCh-SRB Prem 2012"]
[Site "Valjevo SRB"]
[Date "2012.09.20"]
[Round "4.2"]
[White "Damljanovic,B"]
[Black "Ivanisevic,I"]
[Result "1/2-1/2"]
[WhiteElo "2572"]
[BlackElo "2645"]

1.Nf3 d5 2.g3 Nc6 3.Bg2 e5 4.d3 Nf6 5.O-O h6 6.c4 dxc4 7.Qa4 Bd6 8.Qxc4 O-O
9.a3 Be6 10.Qc2 Qd7 11.b4 Bh3 12.Bb2 Rae8 13.Nbd2 a6 14.e4 Nh5 15.Bxh3 Qxh3
16.Kh1 Rd8 17.Rae1 Rfe8 18.Qd1 Nf6 19.Ng1 Qe6 20.Qc2 Bf8 21.Ndf3 Rd7 22.Rd1 Red8
23.Bc3 Ne8 24.Rd2 Nd6 25.Rfd1 Nb5 26.Bb2 f6 27.Ne2 Nd6 28.Kg2 a5 29.d4 exd4
30.Nexd4 Qxe4 31.Nxc6 Qxc6 32.Qxc6 bxc6 33.bxa5 Ra8 34.Rc1 Ra6 35.Bc3 c5
36.Rd5 c6 37.Rxc5 Nb5 38.Rc4 Nxc3 39.R1xc3 Rxa5 40.Rxc6 Rxa3  1/2-1/2

[Event "Dnepropetrovsk Autumn A"]
[Site "Dnepropetrovsk UKR"]
[Date "2012.09.22"]
[Round "7"]
[White "Doluhanova,E"]
[Black "Belenkaya,D"]
[Result "0-1"]
[WhiteElo "2247"]
[BlackElo "2170"]

1.Nf3 d5 2.g3 g6 3.Bg2 Bg7 4.O-O e5 5.d3 Ne7 6.Nbd2 O-O 7.e4 Nbc6 8.c3 h6
9.Qe2 Be6 10.b3 Qd7 11.Ba3 Rad8 12.exd5 Bxd5 13.Rad1 Rfe8 14.Ne4 Qc8 15.c4 Be6
16.Bb2 Bh3 17.Bxh3 Qxh3 18.Rfe1 Qc8 19.Qf1 Nf5 20.a3 Ncd4 21.Nxd4 Nxd4 22.Bxd4 Rxd4
23.b4 Red8 24.Qe2 Qf5 25.Nc3 c6 26.Ne4 Bf8 27.c5 Kg7 28.f3 f6 29.Kg2 Qd7
30.Nf2 a5 31.Rb1 axb4 32.axb4 Qd5 33.Rec1 b5 34.cxb6 Bxb4 35.Rc4 c5 36.Rxd4 Qxd4
37.Qe4 Qxe4 38.Nxe4 f5 39.Nf2 Rb8 40.Nd1 Rxb6 41.Ne3 Ra6 42.Nc2 Rd6  0-1

[Event "TCh-SUI National A 2012"]
[Site "Switzerland SUI"]
[Date "2012.09.22"]
[Round "6.6"]
[White "Kuemin,S"]
[Black "Borgo,G"]
[Result "0-1"]
[WhiteElo "2381"]
[BlackElo "2397"]

1.Nf3 d5 2.g3 e6 3.Bg2 Nf6 4.O-O c5 5.c4 dxc4 6.Na3 Nc6 7.Nxc4 Be7 8.b3 O-O
9.Bb2 Bd7 10.d4 cxd4 11.Nxd4 Rc8 12.Nb5 a6 13.Nbd6 Rc7 14.Rc1 b5 15.Ne5 Nxe5
16.Bxe5 Rxc1 17.Qxc1 Ng4 18.Nb7 Qb6 19.Bc7 Qa7 20.Qf4 Nf6 21.Bd6 Bxd6 22.Qxd6 Rc8
23.b4 h6 24.Bf3 Rc4 25.Rd1 e5 26.Qxe5 Bg4 27.Bxg4 Qxf2+ 28.Kxf2 Nxg4+ 29.Kg2 Nxe5
30.Rd6 Rc2 31.Rxa6 Rxe2+ 32.Kf1 Rxh2 33.Nd6 Nd3 34.a3 Rf2+ 35.Kg1 Ra2 36.Ra8+ Kh7
37.Nxf7 Kg6 38.Nd6 Kg5 39.Rg8 g6 40.Nxb5 Ne5 41.Rf8 Kg4 42.Nc3 Rxa3 43.Ne4 Kh3
44.Re8 Ng4 45.Kf1 Rb3 46.Rb8 Rf3+  0-1

[Event "TCh-SUI National A 2012"]
[Site "Switzerland SUI"]
[Date "2012.09.22"]
[Round "6.1"]
[White "Hickl,J"]
[Black "Bauer,Ch"]
[Result "1-0"]
[WhiteElo "2561"]
[BlackElo "2679"]

1.g3 d5 2.Nf3 Nf6 3.Bg2 b5 4.c3 e6 5.Qb3 a6 6.a4 b4 7.O-O Nc6 8.d3 Rb8 9.Qc2 Bd6
10.Nbd2 bxc3 11.bxc3 O-O 12.Nd4 Ne7 13.Ba3 e5 14.N4b3 Bg4 15.Rfe1 Bxa3 16.Rxa3 Ng6
17.d4 Re8 18.e3 h5 19.Nc5 Qc8 20.Rb3 Rb6 21.Qb2 Rd6 22.Rb1 Nd7 23.Qa3 e4
24.c4 Nxc5 25.Qxc5 Qf5 26.Rb8 Rxb8 27.Rxb8+ Kh7 28.cxd5 Bf3 29.Nxf3 exf3
30.Bf1 h4 31.Qxc7 Rxd5 32.Rb7 hxg3 33.hxg3 Nh8 34.Qe7 Qg4 35.Bd3+ g6 36.Rb8 Qh3
37.Bf1 Qh6 38.Qf6 Qg7 39.Qxf3 Rf5 40.Qc6  1-0

[Event "TCh-SUI National A 2012"]
[Site "Switzerland SUI"]
[Date "2012.09.22"]
[Round "6.2"]
[White "Heimann,An"]
[Black "Schiendorfer,E"]
[Result "1-0"]
[WhiteElo "2480"]
[BlackElo "2349"]

1.Nf3 d5 2.g3 Nf6 3.Bg2 c6 4.c4 dxc4 5.O-O e6 6.Qc2 Qd5 7.Nc3 Qh5 8.Ne4 Nxe4
9.Qxe4 Be7 10.Qxc4 e5 11.b3 Be6 12.Qc2 Nd7 13.Bb2 O-O 14.d4 exd4 15.Nxd4 Bh3
16.Bxh3 Qxh3 17.Nf5 Bf6 18.Rad1 Rad8 19.e4 Bxb2 20.Qxb2 f6 21.f4 Nb6 22.Qe2 Rfe8
23.Rxd8 Rxd8 24.Rd1 Re8 25.Qf3 g6 26.Nd6 Re7 27.a4 Nc8 28.Nxc8 Qxc8 29.Rd6 Kg7
30.Qd3 Qc7 31.Qd4 Qb6 32.Qxb6 axb6 33.Rd4 c5 34.Rd6 Rxe4 35.Rxb6 Re7 36.Kf2 Kf7
37.Rb5 Rc7 38.Ke3 Ke6 39.Rb6+ Kd5 40.Rxf6 c4 41.bxc4+ Rxc4 42.Rf7 Rxa4 43.Rd7+ Ke6
44.Rxh7 Ra3+ 45.Ke4 Rb3 46.Rg7 Kf6 47.Rd7 Rb2 48.Rd6+ Kg7 49.h3 Rb3 50.Rd3 Rb5
51.Kf3 Kf7 52.Rd6 Rb3+ 53.Kg4 Rb5 54.Rd3 Kf6 55.Kf3 Kf7 56.g4 Ke6 57.Kg3 Kf6
58.Rd6+ Kg7 59.Rd7+ Kf8 60.Kh4 Kg8 61.Rc7 Kf8 62.f5 gxf5 63.g5 Rb3 64.g6 f4
65.Kg5 Kg8 66.h4  1-0

[Event "Skovbo GM Open 2012"]
[Site "Borup DEN"]
[Date "2012.09.23"]
[Round "9.2"]
[White "Danielsen,Hen"]
[Black "Lindgren,P"]
[Result "1-0"]
[WhiteElo "2509"]
[BlackElo "2256"]

1.Nf3 d5 2.g3 Nf6 3.Bg2 c6 4.O-O Bg4 5.c4 e6 6.cxd5 cxd5 7.Qb3 Qc8 8.d3 Nc6
9.Bf4 Be7 10.Nbd2 O-O 11.h3 Bxf3 12.Nxf3 Nd7 13.Rfc1 Nc5 14.Qd1 Qd7 15.Rab1 a5
16.Be3 b6 17.d4 Ne4 18.Ne5 Nxe5 19.dxe5 Nc5 20.Bd4 Rfc8 21.Rc2 Rc6 22.Rbc1 Rac8
23.Bf1 Qb7 24.e3 Ne4 25.Bb5 Rxc2 26.Rxc2 Rxc2 27.Qxc2 Nc5 28.a3 h5 29.b4 axb4
30.axb4 Na6 31.Qa4 Nc7 32.Be2 b5 33.Qa5 g6 34.Bc5 Bd8 35.Bd6 Kg7 36.h4 Qc6
37.Bxb5 Nxb5 38.Qxd8 Qc1+ 39.Kg2 Nxd6 40.Qf6+ Kg8 41.exd6 Qc6 42.Qd8+  1-0

[Event "TCh-BEL 2012-13"]
[Site "Eupen BEL"]
[Date "2012.09.23"]
[Round "1.4"]
[White "Zaragatski,I"]
[Black "Fiebig,T"]
[Result "1/2-1/2"]
[WhiteElo "2471"]
[BlackElo "2414"]

1.Nf3 d5 2.g3 Nf6 3.Bg2 c5 4.O-O Nc6 5.d4 e6 6.c4 Be7 7.dxc5 Bxc5 8.a3 Be7
9.b4 O-O 10.Bb2 a6 11.Nbd2 b5 12.cxd5 Nxd5 13.Rc1 Bb7 14.Nb3 a5 15.Nc5 Bxc5
16.bxc5 Qe7 17.Nd2 Rfd8 18.Qb3 b4 19.Ne4 Ba6 20.Nd6 bxa3 21.Qxa3 Rab8 22.Bxg7 f6
23.Bxd5 exd5 24.Qf3 Bxe2 25.Qxd5+ Kxg7 26.Qxc6 Qd7 27.Qxd7+ Rxd7 28.Rfe1 Bf3
29.Nf5+ Kf7 30.c6 Rc7 31.Nd4 Bd5 32.Rc5 Rd8 33.Rec1 Be6 34.Nb5 Re7 35.c7 Rd2
36.Na7 a4 37.c8=Q Bxc8 38.Nxc8 Ree2 39.Rf5 a3 40.Kg2 a2 41.Rf4 Rc2 42.Rxc2 Rxc2
43.Ra4 Rxc8 44.Rxa2 Rc5 45.g4 Kg6 46.Kg3 h5 47.gxh5+ Kxh5 48.h4 Kg6 49.Ra4 Rc3+
50.Kg4 Rc5 51.Ra6 Rc4+ 52.f4 Rc5 53.Rb6 Ra5 54.h5+ Rxh5 55.Rxf6+ Kxf6 56.Kxh5 Kf5
57.Kh4 Kxf4  1/2-1/2

[Event "3rd Konig Memorial"]
[Site "San Francisco USA"]
[Date "2012.09.23"]
[Round "7"]
[White "Naroditsky,D"]
[Black "Bhat,V"]
[Result "1-0"]
[WhiteElo "2483"]
[BlackElo "2511"]

1.Nf3 d5 2.g3 c6 3.Bg2 Bg4 4.c4 e6 5.O-O Nd7 6.d3 Ngf6 7.Nc3 Bxf3 8.exf3 Be7
9.b3 O-O 10.Bb2 a5 11.f4 g6 12.Qc2 Qb6 13.cxd5 cxd5 14.Na4 Qa7 15.Rac1 b5
16.Nc3 Rfc8 17.Qe2 b4 18.Nxd5 exd5 19.Qxe7 Re8 20.Qd6 Re6 21.Qc7 Re2 22.Qxa7 Rxa7
23.Rc8+ Kg7 24.Bd4 Ra6 25.g4  1-0